Why Africa is poor and what Africans can do about it (Record no. 4496)
[ view plain ]
| 000 -LEADER | |
|---|---|
| fixed length control field | 00429nam a22001457a 4500 |
| 008 - FIXED-LENGTH DATA ELEMENTS--GENERAL INFORMATION | |
| fixed length control field | 250917b |||||||| |||| 00| 0 eng d |
| 020 ## - INTERNATIONAL STANDARD BOOK NUMBER | |
| ISBN | 9780143026617 |
| 100 ## - MAIN ENTRY--AUTHOR | |
| Author | Mills Greg |
| 245 ## - TITLE STATEMENT | |
| Title | Why Africa is poor and what Africans can do about it |
| 260 ## - PUBLICATION, DISTRIBUTION, ETC. (IMPRINT) | |
| Place of publication | Johannesburg |
| Name of publisher | Penguins Books |
| Date of publication | 2010 |
| 300 ## - COLLATION | |
| Pagination | xviii, 418p. |
| Other physical details | ill. |
| 650 ## - TRACINGS | |
| Main Subject | Economic development- Africa |
| Subdivision (1st) | Poverty- Africa |
| 942 ## - ADDED ENTRY ELEMENTS (KOHA) | |
| Item type | Books |
| 050 ## - LIBRARY OF CONGRESS CALL NUMBER | |
| Classification number | HC800 |
| Item number | .M55 |
| Source of classification or shelving scheme | Not for loan | Permanent location | Current location | Date acquired | Accession No. | Full call number | Barcode. | Koha item type |
|---|---|---|---|---|---|---|---|---|
| Library of Congress Classification | Samuel Ogbemudia Main Library, University of Abuja | Samuel Ogbemudia Main Library, University of Abuja | 09/17/2025 | 2025/65189 | HC800.M55 | 2025-3283 | Books |